Paroles - Dingue, dingue, dingue - Christophe Maé - Statistiques

Statistiques générales
  • Ce quiz a été pris 204 fois
  • Le résultat moyen est 314 sur 383
Statistiques - réponses
Réponse % Correct
Dingue
99%
dingue
99%
Je
99%
je
99%
à
98%
toi
98%
de
94%
fou
92%
avec
91%
Ça
90%
suis
90%
la
85%
tu
85%
Tu
85%
le
84%
pas
84%
m'rend
83%
que
83%
Que
83%
Et
82%
et
82%
ne
82%
tout
82%
79%
si
79%
raide
78%
en
76%
plus
76%
vais
76%
les
75%
des
74%
j'ai
73%
J'ai
73%
Mais
73%
même
73%
Même
73%
sais
73%
non
70%
Oh
70%
quand
70%
au
69%
d'avoir
69%
qu'on
69%
mer
67%
On
67%
on
67%
trop
67%
faire
66%
gâché
66%
jamais
66%
mes
66%
vraiment
66%
arrière
65%
comme
65%
d'avis
65%
te
65%
Car
64%
efforts
64%
Alors
63%
potes
63%
reviendras
63%
est
62%
vestimentaires
62%
c'est
61%
jure
61%
Oui
61%
saurai
61%
Ceux
60%
chance
60%
coeur
60%
début
60%
déçue
60%
J'ferais
60%
j'te
60%
laisse-moi
60%
laisse-toi
60%
Dimanche
59%
verrai
59%
Il
58%
sûr
58%
sur
58%
t'aimes
58%
rentrerais
57%
J'dirai
56%
aux
55%
faisait
55%
j'les
55%
l'heure
55%
prévue
55%
revient
55%
cru
54%
corps
53%
perdus
53%
m'as
52%
bandoulière
51%
cette
51%
changerai
51%
dis-moi
51%
n'est
51%
n'serais
51%
verras
51%
foutu
50%
passerait
50%
fois-ci
49%
objets
49%
l'air
48%
tard
48%
foutre
47%
s'il
46%
cours
43%
J'préfère
43%
revoir
43%
d'être
42%
l'envie
42%
encore
41%
toits
41%
crie
39%
après
37%
changeais
37%
Aucun quiz correspondant
Distribution des résultats
% des personnes avec chaque résultat
Percentile par nombre de réponses
Votre historique - résultats
Vous n’avez pas pris ce quiz